Principles of soil physics

Gorde:
Xehetasun bibliografikoak
Egile nagusia: Lal, Rattan
Formatua: Liburua
Hizkuntza:Undetermined
Argitaratua: New York Marcel Dekker 2004
Gaiak:
Etiketak: Etiketa erantsi
Etiketarik gabe, Izan zaitez lehena erregistro honi etiketa jartzen!
Thư viện lưu trữ: Trung tâm Học liệu Trường Đại học Cần Thơ
LEADER 00494nam a2200193Ia 4500
001 CTU_87558
008 210402s9999 xx 000 0 und d
020 |c 104.63 
082 |a 631.43 
082 |b L193 
100 |a Lal, Rattan 
245 0 |a Principles of soil physics 
245 0 |c Rattan Lal, Manoj K. Shukia 
260 |a New York 
260 |b Marcel Dekker 
260 |c 2004 
650 |a Soil physics 
904 |i Trúc 
980 |a Trung tâm Học liệu Trường Đại học Cần Thơ